[Event "E Women's Grand Prix | Second Leg 2022/23"]
[Site "Chess.com"]
[Date "2023.02.03"]
[Round "2"]
[White "Wagner, Dinara"]
[Black "Muzychuk, Anna"]
[Result "0-1"]
[WhiteElo "2413"]
[BlackElo "2522"]
[EventDate "2023.??.??"]
[Annotator "rafael"]
[PlyCount "140"]
[Beauty "5846008339473"]
[EventType "swiss"]
[EventRounds "11"]
[EventCountry "FID"]
[TimeControl "5400+30"]

1.d4 Nf6 2.c4 g6 3.Nc3 d5 4.cxd5 Nxd5 5.e4 Nxc3 6.bxc3 Bg7 7.Nf3 c5 8.Bb5+ Nc6 9.O-O O-O 10.d5 {This advance is just the third most popular move. 10.Be3 and 10.Bxc6 are played in roughly equal measure.} ( 10.Be3 ) ( 10.Bxc6 ) 10...Ne5 {Maybe Muzychuk was surprised by Wagner's opening choice. The text move is not the most accurate.} ( 10...Na5 $6 {[%c_effect a5;square;a5;type;Inaccuracy;persistent;true] is also not enough for equality. White has a big advantage after:} 11.Be3 Qc7 $6 {[%c_effect c7;square;c7;type;Inaccuracy;persistent;true]} 12.Qd2 {in Gunina-Nepomniachtchi, Moscow (rapid) 2018.} ) ( 10...Qa5 11.Rb1 Ne5 12.Nxe5 Bxe5 13.Bg5 {is better for White in Pein-Forintos, Manchester 1982.} ) ( 10...a6 {is an interesting option.} 11.Be2 Bxc3 12.Be3 $1 {[%c_effect e3;square;e3;type;GreatFind;persistent;true]} ( 12.Bh6 $6 {[%c_effect h6;square;h6;type;Inaccuracy;persistent;true]} 12...Nd4 13.Rc1 Nxf3+ 14.Bxf3 Bd4 $1 {[%c_effect d4;square;d4;type;GreatFind;persistent;true]} 15.Bxf8 Kxf8 {with excellent compensation for the exchange in Florescu-Petrisor, Baile Felix Cup 2011.} ) 12...Bxa1 13.Qxa1 Nd4 14.Nxd4 cxd4 15.Qxd4 f6 {White has the typical compensation for the exchange known in many Grunfeld variations.} ) ( 10...Bxc3 {is the clearest path to an equal game.} 11.Be3 ( 11.Bh6 Nd4 12.Nxd4 Bxd4 13.Bxf8 Qxf8 {with good compensation for the exchange. Gerzhoy-So, Quebec 2012.} ) 11...Nd4 12.Nxd4 cxd4 13.Bxd4 Bxa1 14.Bxa1 Bd7 15.Bc4 Rc8 16.Bb3 Bb5 17.Qd4 f6 18.Rb1 e5 19.dxe6 Qxd4 20.e7+ Qc4 $1 {[%c_effect c4;square;c4;type;GreatFind;persistent;true]} 21.exf8=Q+ Kxf8 22.Bxc4 Bxc4 {with a drawn position in Vitiugov-Matlakov, Ufa 2021.} ) 11.Nxe5 Bxe5 12.Be3 $1 {[%c_effect e3;square;e3;type;GreatFind;persistent;true]} 12...Bd7 $6 {[%c_effect d7;square;d7;type;Inaccuracy;persistent;true] After this, White gets a stable advantage due to the strong pawns in the center.} ( 12...a6 13.Be2 Bxc3 14.Rc1 Qa5 15.Bxc5 $5 {[%c_effect c5;square;c5;type;Interesting;persistent;true]} 15...Qxc5 16.Qd3 Qd4 17.Rxc3 Qxd3 18.Bxd3 {White has a pleasant edge, but Black still has defensive resources.} ) ( 12...e6 $5 {[%c_effect e6;square;e6;type;Interesting;persistent;true] is my favorite move, fighting for central control.} ) 13.Bxd7 Qxd7 14.Qd2 ( 14.Rc1 {is also good and led to an advantage in Vitiugov-Svidler, World Cup 2021.} ) 14...Rac8 15.Rac1 {Wagner's plan is understandable. She wants to reinforce the center with c3-c4, and the rook is useful on c1 to protect this pawn. Other plans are also interesting.} ( 15.Bh6 Bg7 16.Bxg7 Kxg7 17.Rad1 {This is a classical Grunfeld-type of advantage for White. Black has no compensation for White's pawn superiority in the center.} ) ( 15.f4 Bg7 16.a4 $5 {[%c_effect a4;square;a4;type;Interesting;persistent;true] This is a nice prophylactic move, removing the a4-square from the queen and also restricting the move b7-b5.} ( 16.e5 Rfd8 17.c4 b5 $1 {[%c_effect b5;square;b5;type;GreatFind;persistent;true] gives Black some counterplay.} ) ) 15...Bg7 16.f4 Rfd8 17.c4 ( 17.f5 {is tempting, taking advantage of the fact that the black rook is no longer on the f-column.} ) 17...e6 18.Rfd1 e5 $1 {[%c_effect e5;square;e5;type;GreatFind;persistent;true] Now Black is fighting back.} 19.Rf1 exf4 20.Rxf4 Qd6 {The queen is not a good blockader, so the alternatives are probably better.} ( 20...Qe8 ) ( 20...b6 ) ( 20...Be5 ) 21.Rcf1 Rc7 22.Qf2 Rf8 23.Rf3 $1 {[%c_effect f3;square;f3;type;GreatFind;persistent;true] Leaving the f4-square to the bishop.} 23...Be5 24.g4 $6 {[%c_effect g4;square;g4;type;Inaccuracy;persistent;true] This move is a bit optimistic, but it will work well.} ( 24.h4 h5 25.Bf4 {gives White a slight advantage.} ) 24...f6 $6 {[%c_effect f6;square;f6;type;Inaccuracy;persistent;true]} ( 24...Qd7 25.h3 Qa4 $5 {[%c_effect a4;square;a4;type;Interesting;persistent;true] Black must always seek active play in the Grunfeld, and this seems a good try. Play may continue:} 26.Bxc5 Qxc4 27.Bxf8 Bd4 28.Re3 Kxf8 {with chances for both sides.} ) 25.g5 {Now Black needs to be careful.} 25...f5 $2 {[%c_effect f5;square;f5;type;Mistake;persistent;true]} ( 25...b6 $1 {[%c_effect b6;square;b6;type;GreatFind;persistent;true] is the only way to achieve equality. The game might end in a draw after:} 26.Bf4 Rcf7 $1 {[%c_effect f7;square;f7;type;GreatFind;persistent;true]} 27.Qg3 ( 27.Bxe5 Qxe5 28.gxf6 Qxe4 {is also equal.} ) 27...Bxf4 28.Rxf4 f5 $1 {[%c_effect f5;square;f5;type;GreatFind;persistent;true]} 29.exf5 Rxf5 30.Rxf5 Qxg3+ 31.hxg3 Rxf5 32.Rxf5 gxf5 33.Kf2 Kf7 34.Ke3 Ke7 {This pawn endgame ends in a draw.} ) 26.exf5 Rxf5 27.Rxf5 gxf5 28.Qxf5 Bxh2+ 29.Kh1 {White has a decisive advantage in this position. Black's pieces are unhinged, the d-pawn is a monster, and the f-file is tightly controlled.} 29...b6 30.a4 Be5 31.Bf4 $1 {[%c_effect f4;square;f4;type;GreatFind;persistent;true] Swapping bishops accentuates the weaknesses in Black's position.} 31...Bxf4 32.Rxf4 Qe7 33.Kg2 Qe8 34.d6 $4 {[%c_effect d6;square;d6;type;Blunder;persistent;true] An unfortunate blunder by Wagner. She had a forced win at this point.} ( 34.Qe6+ $1 {[%c_effect e6;square;e6;type;GreatFind;persistent;true]} 34...Qxe6 35.dxe6 {The rook endgame is easily winning since Black is unable to stop the king march.} 35...a6 ( 35...Kg7 36.Kf3 {followed by Ke4-d5.} ) ( 35...Re7 36.Rf6 ) 36.Kf3 b5 37.axb5 axb5 38.cxb5 c4 39.b6 Rb7 40.Rxc4 Rxb6 41.Rc8+ Kg7 42.e7 ) 34...Qc6+ 35.Re4 {Mistakes never come alone in chess; this a harsh reality. White will go from winning to losing very quickly.} ( 35.Qd5+ Qxd5+ 36.cxd5 {Black still has to play precisely to get a draw here.} 36...Rf7 $1 {[%c_effect f7;square;f7;type;GreatFind;persistent;true]} ( 36...Rd7 $2 {[%c_effect d7;square;d7;type;Mistake;persistent;true]} 37.Kf3 ( 37.Rf6 {is also good.} ) 37...Rxd6 38.Ke4 {with an easy win.} ) 37.Re4 Kf8 38.Kg3 a6 $1 {[%c_effect a6;square;a6;type;GreatFind;persistent;true] Black is in time to play b6-b5 and get a draw.} ) 35...Qxd6 36.Rf4 $2 {[%c_effect f4;square;f4;type;Mistake;persistent;true]} ( 36.Re6 $1 {[%c_effect e6;square;e6;type;GreatFind;persistent;true] White has enough activity for a draw a pawn down.} 36...Qd2+ 37.Kg3 Qc3+ 38.Kg4 Rf7 39.Qe4 ) 36...Rd7 $1 {[%c_effect d7;square;d7;type;GreatFind;persistent;true] Now the endgame is winning for Black, since White can't create threats.} 37.Rf2 Qe7 $1 {[%c_effect e7;square;e7;type;GreatFind;persistent;true]} 38.Kh2 Rd4 39.Kg1 Re4 ( 39...Kg7 $1 {[%c_effect g7;square;g7;type;GreatFind;persistent;true] is slightly more accurate, avoiding the queen endgame.} ) 40.Qd5+ Kg7 41.Rf7+ $1 {[%c_effect f7;square;f7;type;GreatFind;persistent;true] Queen endgames are notoriously difficult to play, so this is the best chance.} 41...Qxf7 42.Qxe4 Qd7 $1 {[%c_effect d7;square;d7;type;GreatFind;persistent;true]} 43.Kg2 Qd2+ 44.Kh3 Qxg5 45.Qb7+ Kg6 ( 45...Kf6 $1 {[%c_effect f6;square;f6;type;GreatFind;persistent;true] is better, since Black manages to keep a two-pawn advantage,} 46.Qc6+ ( 46.Qxa7 Qh6+ $1 {[%c_effect h6;square;h6;type;GreatFind;persistent;true]} 47.Kg4 Qg7+ {This is the point. The queens are exchanged.} ) ( 46.Qxh7 Qf5+ ) 46...Kf7 47.Qd7+ Qe7 ) 46.Qxa7 Qe3+ 47.Kg2 Qe4+ 48.Kg3 Qe5+ 49.Kg2 Qb2+ 50.Kg3 h5 $2 {[%c_effect h5;square;h5;type;Mistake;persistent;true] This move lets victory slip away.} ( 50...Qe5+ 51.Kg2 Qe6 {The best plan is to centralize the queen and then prepare to take the king to the queenside.} ) 51.Qb7 $2 {[%c_effect b7;square;b7;type;Mistake;persistent;true]} ( 51.Qe7 $1 {[%c_effect e7;square;e7;type;GreatFind;persistent;true] activates the queen, and the desired draw might be achieved.} ) 51...Qb3+ 52.Kg2 Qc2+ 53.Kg3 Qd3+ 54.Kg2 Qe2+ 55.Kg3 Qe3+ 56.Kg2 Qd2+ 57.Kg3 Qd6+ 58.Kg2 h4 $2 {[%c_effect h4;square;h4;type;Mistake;persistent;true]} ( 58...Qe6 $1 {[%c_effect e6;square;e6;type;GreatFind;persistent;true] Again this is the right plan.} ) 59.Qe4+ Kg5 60.Qe3+ Qf4 61.Qe7+ Kf5 62.Qd7+ Ke4 63.Qc6+ Kd4 64.Qxb6 Qg3+ 65.Kh1 Qf3+ {White is close to a draw; it remains only to take the king to the right square.} 66.Kh2 $4 {[%c_effect h2;square;h2;type;Blunder;persistent;true] Now the game is over.} ( 66.Kg1 $1 {[%c_effect g1;square;g1;type;GreatFind;persistent;true]} 66...Kxc4 ( 66...h3 67.Qb2+ ) ( 66...Qg3+ 67.Kh1 ) 67.Qb5+ Kd4 68.Qb2+ ) 66...Qf2+ $1 {[%c_effect f2;square;f2;type;GreatFind;persistent;true]} 67.Kh1 h3 $1 {[%c_effect h3;square;h3;type;GreatFind;persistent;true] This is the problem. The queen remains on the ideal f2-square, controlling the opponent's check on b2.} 68.Qd6+ Kc3 69.Qe5+ Kb4 70.Qb8+ Ka3 {A typical device: to use the opponent's pawn as a shelter against the checks. Dvoretsky liked to call this theme \"The Umbrella.\" White resigned.} ( 70...Ka3 71.Qg8 Qg2+ 72.Qxg2 hxg2+ 73.Kxg2 Kxa4 74.Kf3 Kb3 75.Ke3 Kxc4 76.Kd2 Kb3 {with a winning pawn endgame.} ) 0-1

[Event "E Women's Grand Prix | Second Leg 2022/23"]
[Site "Chess.com"]
[Date "2023.02.04"]
[Round "3"]
[White "Abdumalik, Zhansaya"]
[Black "Zhu, Jiner"]
[Result "0-1"]
[WhiteElo "2496"]
[BlackElo "2486"]
[EventDate "2023.??.??"]
[Annotator "rafael"]
[PlyCount "90"]
[Beauty "7289654257191"]
[EventType "swiss"]
[EventRounds "11"]
[EventCountry "FID"]
[TimeControl "5400+30"]

1.e4 c5 2.Nf3 e6 {If you want to play the Sveshnikov Variation but don't want to allow White to play the Rossolimo (3.Bb5), then this is the move order to choose. White gets another option, as we'll see.} 3.d4 cxd4 4.Nxd4 Nf6 5.Nc3 Nc6 {Here White has an important choice to make: face Sveshnikov, one of the lines with the best reputation in the Sicilian, or else capture on c6. I'm not an expert on either of these two lines, but it looks like Black is holding up well on both.} 6.Ndb5 ( 6.Nxc6 bxc6 7.e5 Nd5 8.Ne4 ) 6...d6 7.Bf4 e5 8.Bg5 a6 9.Na3 b5 {Here White has another important decision to make: capture on f6 or play 10.Nd5. Both are very popular. In my king pawn days, I used to choose the second option, influenced by one of my favorite opening books and which I studied with dedication as a child: \"Beating The Sicilian\" by John Nunn.} 10.Nd5 ( 10.Bxf6 ) 10...Be7 11.Bxf6 Bxf6 12.c3 {This is the move suggested by Nunn in the aforementioned book. And that's as far as I can remember: unfortunately, I lost the book in one of my many residence changes since the early 1990s.} ( 12.c4 {is a move that has become very popular in recent years.} ) 12...Bg5 13.Nc2 Rb8 14.Be2 ( 14.a4 {is a thematic move, but everything here has already been studied a lot.} 14...bxa4 15.Ncb4 Nxb4 16.cxb4 ( 16.Nxb4 Bd7 {Black also equalizes. Here is a recent example:} 17.Bxa6 Qa5 18.Qxd6 Rb6 19.Qd3 Be6 20.O-O O-O 21.Bc4 Rd8 22.Bd5 Bxd5 23.exd5 Be7 {Ter-Sahakyan-Wang, Abu Dhabi 2022.} ) 16...O-O 17.Rxa4 a5 $1 {[%c_effect a5;square;a5;type;GreatFind;persistent;true] Here, as usual in the Sveshnikov, we have long forced lines in which Black achieves equality.} ) ( 14.a3 $5 {[%c_effect a3;square;a3;type;Interesting;persistent;true] Taking the knight to b4 and then capturing it with a pawn is a recent idea.} ) 14...O-O 15.O-O Be6 16.Ndb4 ( 16.Qd3 {is the most common.} ) 16...Nxb4 17.Nxb4 Qb6 18.Qd3 ( 18.a4 a5 19.Nd5 Bxd5 20.Qxd5 bxa4 {It seems that Black achieves a forced draw here.} 21.Rfb1 Rfc8 22.Bc4 Qc5 23.Rxa4 Qxd5 24.Bxd5 Bd2 $1 {[%c_effect d2;square;d2;type;GreatFind;persistent;true]} 25.Raa1 Rc5 {Uecker-Loeffler, email 2017.} ) ( 18.Bg4 a5 19.Bxe6 fxe6 20.Nd3 {This is also possible, but not very dangerous for Black, since he doesn't need to worry about the d5-square anymore, and that's a huge relief.} ) 18...Bc4 19.Qd1 ( 19.Qf3 a5 $1 {[%c_effect a5;square;a5;type;GreatFind;persistent;true]} ) 19...Be6 20.Qd3 a5 {An ambitious decision, refusing to repeat moves.} 21.Nd5 Qb7 22.Rad1 ( 22.Rfd1 {is more popular.} 22...Rfc8 {There's still a lot of theory here, but Black is fine. One possible plan is to activate the dark-squared bishop with Bd8 and then take it to b6, just in time.} ) 22...b4 {A pretty straightforward move, but still nothing new. A recent correspondence game followed with the more natural 22...Rfc8.} ( 22...Rfc8 23.a3 Bd8 24.h3 Rc5 25.b4 Rcc8 {and the game later ended in a draw. Wosch-Perez, email 2019.} ) 23.c4 $6 {[%c_effect c4;square;c4;type;Inaccuracy;persistent;true] This move puts White in an uncomfortable position.} ( 23.cxb4 {is better:} 23...axb4 24.Qg3 Bh6 {It is not clear that this is the best square for the bishop.} 25.Bc4 {and White can fight for a small advantage, since he has stabilized the knight on d5. All this was played in Boskovic-Vuckovic, Palic 2014.} ) 23...b3 $1 {[%c_effect b3;square;b3;type;GreatFind;persistent;true]} 24.a3 Rfc8 {Black changed the pawn structure on the queenside, and this is clear to her benefit as she gains a square on d4, which in a distant dream can be occupied after the Bd8-b6 maneuver. White's position will quickly collapse in the next few moves, so we can consider this position as critical: Abdumalik needs a good plan.} 25.Qg3 ( 25.h3 {Looks good, preparing to play Bg4, but Black gets a clear advantage after} 25...Rc5 $1 {[%c_effect c5;square;c5;type;GreatFind;persistent;true] Preparing to capture the d5-knight without allowing White to recapture with the queen.} ) 25...Bd8 {Only now does a new move appear on the board.} ( 25...Bh6 $6 {[%c_effect h6;square;h6;type;Inaccuracy;persistent;true] was played in Pineda-Bouaziz, Tripoli 1976.} ) 26.Kh1 $6 {[%c_effect h1;square;h1;type;Inaccuracy;persistent;true] One of my favorite concepts in positional play is \"harmony,\" which means making sense of your moves, one flowing with the other. Smyslov, for example, was a harmony genius. White's next move doesn't make a good impression in this regard; it doesn't seem to flow naturally and White's plan of advancing the pawn to f4 is hardly effective. This is what we call an \"ugly\" move. I must be honest: there are many instances where ugly moves are the best ones. Alas, to Abdumalik's bad luck, this is not one of them.} ( 26.Nc3 $1 {[%c_effect c3;square;c3;type;GreatFind;persistent;true] is the best attempt. White must desperately try to change the trend of the game.} 26...Qc6 ( 26...Bxc4 $6 {[%c_effect c4;square;c4;type;Inaccuracy;persistent;true]} 27.Bxc4 Rxc4 28.Rxd6 {This is what White wants.} ) 27.Nb5 $1 {[%c_effect b5;square;b5;type;GreatFind;persistent;true]} 27...Qxe4 28.Bf3 Qf4 29.Nxd6 Rc7 30.Rfe1 {Although Black retains a minimal advantage, it's very clear that this is better than the game continuation.} ) 26...Rc5 $1 {[%c_effect c5;square;c5;type;GreatFind;persistent;true] The most accurate move. By the way, I was impressed by Zhu's precision in carrying out her initiative.} ( 26...Bb6 {is natural, but Black's advantage is not so big after} 27.f4 $1 {[%c_effect f4;square;f4;type;GreatFind;persistent;true]} ( 27.Qxb3 Bd4 ) 27...Bxd5 ( 27...Bd4 $2 {[%c_effect d4;square;d4;type;Mistake;persistent;true] leads to a surprisingly lethal attack after} 28.Nf6+ Kh8 29.Nxh7 $1 {[%c_effect h7;square;h7;type;GreatFind;persistent;true]} 29...Kxh7 30.f5 Bd7 31.f6 $1 {[%c_effect f6;square;f6;type;GreatFind;persistent;true]} 31...gxf6 32.Rxf6 ) 28.Rxd5 Bd4 ) 27.Nc3 ( 27.f4 $2 {[%c_effect f4;square;f4;type;Mistake;persistent;true]} 27...Bxd5 28.exd5 Bf6 {with a dream position for Black.} ) 27...Qc6 28.f4 Bxc4 ( 28...exf4 29.Qxf4 Re5 {This is also very good for Black.} ) 29.Bxc4 Rxc4 30.fxe5 {It's hard to recommend anything.} ( 30.f5 Rxc3 $1 {[%c_effect c3;square;c3;type;GreatFind;persistent;true] The typical Sicilian sacrifice must always be analyzed.} 31.Qxc3 Qxc3 32.bxc3 b2 33.Rb1 Bg5 $1 {[%c_effect g5;square;g5;type;GreatFind;persistent;true] And the bishop goes to c1 with a clear advantage.} ) ( 30.Nd5 exf4 ( 30...Rxe4 $2 {[%c_effect e4;square;e4;type;Mistake;persistent;true]} 31.Qf3 $1 {[%c_effect f3;square;f3;type;GreatFind;persistent;true] gives White counterplay.} ) 31.Qxf4 Qe8 32.Qxd6 Rbc8 {again with a clear advantage for Black.} ) 30...dxe5 31.Qxe5 {White regains the pawn but opens the game to Black's bishop.} 31...Bc7 32.Qh5 Qe6 $1 {[%c_effect e6;square;e6;type;GreatFind;persistent;true] Getting ready to take the bishop to his ideal square, e5.} 33.Rd5 f6 $1 {[%c_effect f6;square;f6;type;GreatFind;persistent;true]} 34.Rb5 Rd4 ( 34...Rxb5 35.Qxb5 Rd4 {is also very good.} ) 35.Rxb8+ Bxb8 36.Qxa5 Rd2 37.Qh5 ( 37.Rb1 {leads to a pretty checkmate after} 37...Qg4 38.Rg1 Qh4 39.h3 Qxh3+ 40.gxh3 Rh2# ) ( 37.Qb5 Qe5 $1 {[%c_effect e5;square;e5;type;GreatFind;persistent;true]} 38.Qxe5 ( 38.Qxb3+ Kh8 39.g3 Rxh2+ 40.Kxh2 Qxg3+ 41.Kh1 Qh2# ) 38...Bxe5 39.Rb1 Bxc3 40.bxc3 b2 41.h3 Kf7 {The endgame is winning for Black, even a pawn down. White's rook is very passive, and the king will march to the queenside.} ) ( 37.Rd1 $5 {[%c_effect d1;square;d1;type;Interesting;persistent;true] is the best chance. Precision is required now.} 37...Qc4 $1 {[%c_effect c4;square;c4;type;GreatFind;persistent;true]} ( 37...Rxd1+ 38.Nxd1 Qxe4 39.Qd2 {Here White has good drawing chances.} ) 38.Qh5 ( 38.Rxd2 $2 {[%c_effect d2;square;d2;type;Mistake;persistent;true]} 38...Qf1# ) 38...h6 $1 {[%c_effect h6;square;h6;type;GreatFind;persistent;true]} 39.Qf3 Rxd1+ 40.Nxd1 Be5 {White is tied up; Black should win this endgame with accurate play.} ) 37...Rxb2 38.Rd1 Bd6 $1 {[%c_effect d6;square;d6;type;GreatFind;persistent;true]} 39.Nb5 Qxe4 $1 {[%c_effect e4;square;e4;type;GreatFind;persistent;true] Very well calculated.} 40.Qf7+ Kh8 $1 {[%c_effect h8;square;h8;type;GreatFind;persistent;true] Of course, this was seen in advance by the Chinese player.} ( 40...Kxf7 $6 {[%c_effect f7;square;f7;type;Inaccuracy;persistent;true] Of course, this was not the intention, but, just for readers' curiosity, it's possible that even this position is winning.} 41.Nxd6+ Ke6 42.Nxe4 Rc2 $1 {[%c_effect c2;square;c2;type;GreatFind;persistent;true]} 43.Nd2 b2 44.Nb1 Rc1 45.Rg1 Ke5 {White is paralyzed, and the king is going to the queenside.} ) 41.Rg1 Bc5 42.h3 h6 ( 42...Rb1 43.Rxb1 Qxb1+ 44.Kh2 Qe1 $1 {[%c_effect e1;square;e1;type;GreatFind;persistent;true] This is also a nice way to win. The white queen must feel bad being so close to the king and not being able to give a check.} ) 43.Nc3 Qa8 44.Nd5 Bxg1 45.Kxg1 Rxg2+ $1 {[%c_effect g2;square;g2;type;GreatFind;persistent;true] A beautiful ending to a game masterfully handled by Zhu.} ( 45...Rxg2+ 46.Kxg2 b2 ) 0-1